000 00554nam a2200241Ia 4500
001 067827
003 YMCAF
005 20230512160454.0
008 100717s1978 ||||||||||||||||| ||und|d
020 _a-
024 _a67827
035 _a7290
040 _aYMCAF
_beng
_cIN-KoLT
041 _aeng
100 _aTTP, LAHORE
245 0 _aMASTER PLANE CURRICULUR FOR APPREUTIICES TRAINEES FITTER GENERAL,DRAFTSMAN MILLWRITHHT TOOL & DIEMAKER
250 _a-
260 _c1978
300 _a63
653 _a-
653 _a-
942 _2ddc
_cBK
999 _c4736
_d4736